Hartstock, Erhard, 1939-. Wirtschaftsgeschichte der Oberlausitz. - Bautzen : Lusatia-Verl.. - 2007 [Rezension]
| Titel: | Hartstock, Erhard, 1939-. Wirtschaftsgeschichte der Oberlausitz. - Bautzen : Lusatia-Verl.. - 2007 [Rezension] |
|---|---|
| Verfasser: | |
| In: |
Neues Archiv für sächsische Geschichte, Band 81 (2010), Seite 317-318 alle Artikel anzeigen |
| Veröffentlicht: | 2010 |
| Format: | Aufsatz |
| Sprache: | Deutsch |
X
alg: 39500410 001A $01999:12-11-16 001B $01999:04-08-21 $t21:01:49.000 001D $01999:12-11-16 001U $0utf8 001X $00 002@ $0Aox 003@ $0395004101 007A $0395004101 $aHEB 007T $0Herdc0079510m 010@ $ager 011@ $a2010 021A $aHartstock, Erhard, 1939-. Wirtschaftsgeschichte der Oberlausitz. - Bautzen : Lusatia-Verl.. - 2007 [Rezension] 028A $7139410341 $8Dannenberg, Lars-Arne$Z1971- [Tp1] $9216559804 031A $d81 $h317-318 $j2010 039B $aIn $8--Abvc--. Neues Archiv für sächsische Geschichte. - Neustadt a.d. Aisch : Schmidt, 1880-. - ISSN 0944-8195 $x201000000810000683 $9047449519 039T $8--Aau--Hartstock, Erhard$Z1939- [Tp1]. Wirtschaftsgeschichte der Oberlausitz. - Bautzen : Lusatia-Verl., 2007. - 511 S.. - Ill., graph. Darst., Kt.. - ISBN 978-3-936758-40-5 $9194234916 045F $a900.94371 $eDDC23BSB 045F/01 $a900 045F/03 $g4371 045F/03 $g438 045F/03 $g4385 045T $a8,1 lok: 39500410 78 exp: 39500410 78 1 #EPN 201B/01 $026-11-17 $t03:52:12.000 201U/01 $0utf8 203@/01 $0791302725 208@/01 $a12-11-16 $be 209A/01 $a/ $f000 $x00 220C/01 $aTitelaufnehmer: pg 220C/01 $aHerkunft: HI Marburg 244Z/01 $2Trx $#Silesia $#Śląsk $#Sliezsko $#Slezsko $8--Trx--Schlesien $x01 $9391173987 244Z/01 $2Trx $#Poola $#Lenkija $#Polija $#Polen Land $#Poland $#Lengyelország $#Poľsko $#Polsko $8--Trx--Polska$gkraj $x02 $9391345966 244Z/01 $#Tschechien $#Tschechische Republik $#Tschechische Republik $#Tschechenland $#Tschechei Tschechien $#Česká Republika $#Czech Republic $#ČR $74303381-7 $8--Tg1--Tschechien $x03 $9086659812 244Z/01 $2Trx $#Böhmen $#Bohemia $#Czechy $8--Trx--Čechy $x04 $9391188941 244Z/01 $2Trx $#arvustused $#recenzijos $#Reviews $#recenziók $#recenzje $#recenzie $#recenze $8--Trx--Rezensionen $x05 $9391357441 247C/01 $82080>Marburg/Lahn, Herder-Institut, Forschungsbibliothek, Bibliographieportal $9336309341
| LEADER | 00000caa a22000002c 4500 | ||
|---|---|---|---|
| 001 | 395004101 | ||
| 003 | DE-603 | ||
| 005 | 20210804210149.0 | ||
| 007 | tu | ||
| 008 | 161112s2010 xx |||| | u00||u|ger c | ||
| 035 | |a (DE-599)HEB395004101 | ||
| 040 | |a DE-603 |b ger |c DE-603 |d DE-603 | ||
| 041 | |a ger | ||
| 082 | 0 | 4 | |8 1\u |a 900.94371 |q DE-101 |2 23/BSB |
| 084 | |a 8,1 |2 ssgn | ||
| 085 | |8 1\u |b 900 | ||
| 085 | |8 1\u |z 2 |s 4371 | ||
| 085 | |8 1\u |z 2 |s 438 | ||
| 085 | |8 1\u |z 2 |s 4385 | ||
| 100 | 1 | |a Dannenberg, Lars-Arne |d 1971- |0 (DE-603)216559804 |0 (DE-588)139410341 |2 gnd | |
| 245 | 0 | 0 | |a Hartstock, Erhard, 1939-. Wirtschaftsgeschichte der Oberlausitz. - Bautzen : Lusatia-Verl.. - 2007 [Rezension] |
| 264 | 0 | |c 2010 | |
| 773 | 0 | 8 | |i In |t Neues Archiv für sächsische Geschichte |d Neustadt a.d. Aisch : Schmidt, 1880- |x 0944-8195 |g Band 81 (2010), Seite 317-318 |w (DE-603)047449519 |w (DE-600)280274-0 |
| 787 | 0 | 8 | |i Rezension von |a Hartstock, Erhard, 1939- |t Wirtschaftsgeschichte der Oberlausitz |d Bautzen : Lusatia-Verl., 2007 |h 511 S., Ill., graph. Darst., Kt. |z 9783936758405 |z 3936758409 |w (DE-603)194234916 |
| 924 | 0 | |9 2080 |a (DE-603)791302725 |b DE-2080 |c HES |d d |g / | |


